Managing emgering risk : (Record no. 25444)
[ view plain ]
| 000 -LEADER | |
|---|---|
| fixed length control field | 00922nam a2200217 a 4500 |
| 005 - DATE AND TIME OF LATEST TRANSACTION | |
| control field | 20140310183623.0 |
| 008 - FIXED-LENGTH DATA ELEMENTS--GENERAL INFORMATION | |
| fixed length control field | 120906s19uu xx 00 eng d |
| 020 ## - INTERNATIONAL STANDARD BOOK NUMBER | |
| International Standard Book Number | 9781439826416 |
| 050 ## - LIBRARY OF CONGRESS CALL NUMBER | |
| Classification number | HV 551.2 |
| Item number | .B955 2012 |
| 100 ## - MAIN ENTRY--PERSONAL NAME | |
| Personal name | Burton, Kevin D. |
| 245 ## - TITLE STATEMENT | |
| Title | Managing emgering risk : |
| Remainder of title | the capstone of preparedness / |
| Statement of responsibility, etc | Kevin Burton. |
| 260 ## - PUBLICATION, DISTRIBUTION, ETC. (IMPRINT) | |
| Place of publication, distribution, etc | Boca Raton, FL : |
| Name of publisher, distributor, etc | CRC Press, |
| Date of publication, distribution, etc | 2012. |
| 300 ## - PHYSICAL DESCRIPTION | |
| Extent | x, 277 p. : |
| Other physical details | ill; |
| Dimensions | 24 cm. |
| 500 ## - GENERAL NOTE | |
| General note | Includes bibliographical references and index |
| 520 ## - SUMMARY, ETC. | |
| Summary, etc | Offering ideas, tools, and a fresh way of thinking, this guide introduces the concept of emerging risk and the effective mitigation of and response to unforeseen events. It describes various types of risks, their identification, and their implications for mass casualty and damage. |
| 521 ## - TARGET AUDIENCE NOTE | |
| Target audience note | |
| 650 ## - SUBJECT ADDED ENTRY--TOPICAL TERM | |
| Topical term or geographic name as entry element | Emergency management |
| 650 ## - SUBJECT ADDED ENTRY--TOPICAL TERM | |
| Topical term or geographic name as entry element | Risk management |
| 942 ## - ADDED ENTRY ELEMENTS (KOHA) | |
| Koha item type | Books |
| Source of classification or shelving scheme | Library of Congress Classification |
| Call number prefix | Foreign |
| Withdrawn status | Lost status | Source of classification or shelving scheme | Damaged status | Home library | Current library | Shelving location | Date acquired | Total Checkouts | Full call number | Barcode | Date last seen | Copy number | Price effective from | Koha item type |
|---|---|---|---|---|---|---|---|---|---|---|---|---|---|---|
| Library of Congress Classification | College Library | College Library | Reserve Section | 01/21/2014 | HV 551.2 .B955 2012 | C15512 | 05/15/2018 | 1 | 01/21/2014 | Books |